000 01084nam a22003617a 4500
001 0051537
003 KOHA_MİRAKIL
005 20260207003809.0
007 ta
008 150629b2005 tu a|||gr||||#||||0|tur |
020 _a9755918558
020 _a
_a 9789755918556
040 _aTR-BiSEU
_btur
_cTR-BiSEU
_erda
041 0 _atur
044 _ctu
050 _aBF637
_b.I54 2005
245 0 _aİletişime yeni yaklaşımlar/
_cEditörler Demet Gürüz, Ayşen Temel...[ve bşk.].
264 1 _aAnkara :
_bNobel
_c2005
300 _aIII, 400 sayfa :
_bresimli ;
_c22 cm.
336 _ametin
_btxt
_2rdacontent
337 _aaracısız
_bn
_2rdamedia
338 _acilt
_bnc
_2rdacarrier
490 1 _aNobel yayın ;
_v870.
490 1 _a İktisat İşletme yayınları ;
_vno.
490 1 _a17.
500 _aKaynakça var.
650 0 _aKişilerarası iletişim.
_912354
650 0 _aInterpersonal communication.
_923911
830 1 _aNobel yayın ;
_v870.
_91510
830 1 _a İktisat İşletme yayınları ;
_vno.
_995914
830 1 _a17.
_97095
942 _2lcc
_cBK
999 _c51360
_d51360